Awards by Trophies Quiz Stats

 Plays Quiz Updated May 12, 2018

Challenge
Share
Tweet
Score 0/18 Timer 04:00
1 Play Today
% Correct
Oscar
94.8%
Stanley Cup
89.3%
Grammy
86.4%
Masters Tournament Award
84.3%
MTV Movie Award
82.6%
Vince Lombardi Trophy
82.6%
Heisman Trophy
80.8%
FIFA World Cup
78.4%
Emmy
75.3%
% Correct
Razzie
72.3%
Nobel Prize
69.9%
Larry O'Brien
Championship Trophy
66.3%
Commissioner's Trophy
65.6%
Clio
65.2%
Peabody Award
54.6%
Pulitzer Prize
46.8%
Golden Globe
46.3%
Tony
34.5%

You're not logged in!

Compare scores with friends on all Sporcle quizzes.
Join for Free
OR
Log In

You Might Also Like...

Show Comments

Extras

Top Quizzes Today


Score Distribution

Your Account Isn't Verified!

In order to create a playlist on Sporcle, you need to verify the email address you used during registration. Go to your Sporcle Settings to finish the process.

Report this User

Report this user for behavior that violates our Community Guidelines.

Details: